Судебно-медицинская экспертиза повреждений, причиненных выстрелами из нелетального (травматического) оружия (Запись № 11943256)

Подробности
000 -МАРКЕР
контрольное поле 02821nam0a2200373 4500
001 - ИДЕНТИФИКАТОР ЗАПИСИ
контрольное поле RU\NLR\BIBL_A\012111509
005 - ИДЕНТИФИКАТОР ВЕРСИИ
контрольное поле 20191029145828.0
010 ## - МЕЖДУНАРОДНЫЙ СТАНДАРТНЫЙ НОМЕР КНИГИ (ISBN)
Номер (ISBN) 978-5-6042746-0-6
Тираж 250
021 ## - НОМЕР ГОСУДАРСТВЕННОЙ РЕГИСТРАЦИИ
Код страны Российская Федерация
Номер КН-П-19-066329
Номер Листа государственной регистраци КН-П-19-4772
035 ## - ДРУГИЕ СИСТЕМНЫЕ НОМЕРА
Идентификатор записи (NLR Aleph) 012111509
035 ## - ДРУГИЕ СИСТЕМНЫЕ НОМЕРА
Идентификатор записи (RuMoRGB)010085439
100 ## - ДАННЫЕ ОБЩЕЙ ОБРАБОТКИ
Данные общей обработки 20191003d2019 k y0rusy50 ca
101 0# - ЯЗЫК РЕСУРСА
Язык текста, звукозаписи и т.д. русский
102 ## - СТРАНА ПУБЛИКАЦИИ ИЛИ ПРОИЗВОДСТВА
Страна публикации Российская Федерация
105 ## - ПОЛЕ КОДИРОВАННЫХ ДАННЫХ: ТЕКСТОВЫЕ МАТЕРИАЛЫ, МОНОГРАФИЧЕСКИЕ
Кодированные данные о монографическом текстовом документе a|||z|||000zy
200 1# - ЗАГЛАВИЕ И СВЕДЕНИЯ ОБ ОТВЕТСТВЕННОСТИ
Основное заглавие Судебно-медицинская экспертиза повреждений, причиненных выстрелами из нелетального (травматического) оружия
Сведения, относящиеся к заглавию монография
Первые сведения об ответственности [Леонов Сергей Валерьевич - профессор, доктор медицинских наук, Пинчук Павел Васильевич - доктор медицинских наук, доцент, Петров Владимир Владиславович, Кислов Максим Александрович - профессор, доктор медицинских наук]
Последующие сведения об ответственности Кафедра управления военным здравоохранением филиала (гш. Москва) ФГБОУ ВО "Военно-медицинская академия им. С. М. Кирова" Минобороны России, ФГКУ "111 Главный государственный центр судебно-медицинских и криминалистических экспертиз" Минобороны России
210 ## - ПУБЛИКАЦИЯ, РАСПРОСТРАНЕНИЕ И ДР.
Место издания, распространения и т.д. Москва
Имя издателя, распространителя и т. д. Мозартика
Дата издания, распространения и т.д. 2019
215 ## - ФИЗИЧЕСКАЯ ХАРАКТЕРИСТИКА
Специфическое обозначение материала и объем 203 с.
Другие сведения о физической характеристике ил.
Размеры 21
320 ## - ПРИМЕЧАНИЯ О НАЛИЧИИ В ДОКУМЕНТЕ БИБЛИОГРАФИИ / УКАЗАТЕЛЯ
Текст примечания Библиогр. в подстроч. примеч.
606 1# - НАИМЕНОВАНИЕ ТЕМЫ КАК ПРЕДМЕТ
Наименование темы Огнестрельные раны
Тематический подзаголовок Судебно-медицинская экспертиза
Системный номер авторитетной/нормативной записи 1429818
Идентификатор авторитетной/нормативной записи RU\NLR\AUTH\66604253
686 1# - ИНДЕКСЫ ДРУГИХ КЛАССИФИКАЦИЙ
Индекс Х629.414
686 1# - ИНДЕКСЫ ДРУГИХ КЛАССИФИКАЦИЙ
Индекс Р811.244.3
701 #1 - ИМЯ ЛИЦА - АЛЬТЕРНАТИВНАЯ ОТВЕТСТВЕННОСТЬ
Графика поля Кириллица
Материалы, к которым относится поле rus
Начальный элемент ввода Леонов
Часть имени, кроме начального элемента ввода С. В.
Дополнения к именам, кроме дат д-р мед. наук
Расширение инициалов личного имени Сергей Валерьевич
Системный номер авторитетной/нормативной записи 49480
Идентификатор авторитетной/нормативной записи RU\NLR\AUTH\7766552
701 #1 - ИМЯ ЛИЦА - АЛЬТЕРНАТИВНАЯ ОТВЕТСТВЕННОСТЬ
Начальный элемент ввода Пинчук
Часть имени, кроме начального элемента ввода П. В.
Расширение инициалов личного имени Павел Васильевич
701 #1 - ИМЯ ЛИЦА - АЛЬТЕРНАТИВНАЯ ОТВЕТСТВЕННОСТЬ
Графика поля Кириллица
Материалы, к которым относится поле rus
Начальный элемент ввода Петров
Часть имени, кроме начального элемента ввода В. В.
Дополнения к именам, кроме дат врач, суд.-мед. эксперт
Даты 1963-
Расширение инициалов личного имени Владимир Владиславович
Системный номер авторитетной/нормативной записи 211762
Идентификатор авторитетной/нормативной записи RU\NLR\AUTH\770211818
701 #1 - ИМЯ ЛИЦА - АЛЬТЕРНАТИВНАЯ ОТВЕТСТВЕННОСТЬ
Начальный элемент ввода Кислов
Часть имени, кроме начального элемента ввода М. А.
Расширение инициалов личного имени Максим Александрович
712 02 - НАИМЕНОВАНИЕ ОРГАНИЗАЦИИ - ВТОРИЧНАЯ ОТВЕТСТВЕННОСТЬ
Код отношения Прочие
Начальный элемент ввода Военно-медицинская академия им. С. М. Кирова
Структурное подразделение Филиал
-- Кафедра управления военным здравоохранением
Идентифицирующий признак Санкт-Петербург
-- Москва
Системный номер авторитетной/нормативной записи 680090
Идентификатор авторитетной/нормативной записи RU\NLR\AUTH\880509885
942 ## - ДОПОЛНИТЕЛЬНЫЕ ЭЛЕМЕНТЫ ЗАПИСИ (АБИС)
Тип экземпляра АБИС Книга
980 ## - КОЛЛЕКЦИЯ
Название коллекции Национальная библиография
Экземпляры
Тип экземпляра Дата поступления Источник поступления Библиотека постоянного хранения Библиотека текущего хранения Место хранения Шифр хранения Штрих-код Статус экземпляра
Книга 03.10.2019 Обязательный экземпляр РНБ (Московский) РНБ (Московский) Русский книжный фонд: издания с 1957 года 2019-3/25256 1-2876693  
Книга 03.10.2019 Обязательный экземпляр РНБ (Московский) РНБ (Московский) Русский книжный фонд: издания с 1957 года 2019-3/25256 1-2876689